[Event "LSS No Engine Cup 11 Preliminary 7"]
[Site "LSS email"]
[Date "2009.11.23"]
[Round "?"]
[White "Lind, Anders"]
[Black "Bell, Arvin"]
[Result "1-0"]
[WhiteElo "1006"]
[BlackElo "1425"]
[PlyCount "35"]
[EventDate "2009.11.24"]
[EventType "tourn (corr)"]
[EventRounds "6"]
[EventCountry "GER"]
[SourceTitle "Corr 2013"]
[Source "ChessBase"]
[SourceDate "2012.11.12"]
[SourceVersion "1"]
[SourceVersionDate "2012.11.12"]
[SourceQuality "1"]

1. e4 e5 2. Nf3 Nc6 3. Bb5 Nf6 4. 0-0 Nxe4 5. Re1 Nd6 6. Bxc6 dxc6 7. Nxe5 Be7 8. d4 0-0 9. Nc3 Be6 10. Bf4 Nf5 11. Ne2 g5 12. Bg3 Re8 13. c3 f6 14. Nf3 Qd7 15. Nc1 Nxg3 16. hxg3 Bf7 17. Nd3 Qf5 18. Qd2 1-0

[Event "LSS No Engine Cup Gr03 prel 01 email"]
[Site "LSS email"]
[Date "2009.07.16"]
[Round "?"]
[White "Bell, Arvin"]
[Black "Garcia, Sergio"]
[Result "1-0"]
[WhiteElo "1367"]
[BlackElo "764"]
[PlyCount "71"]
[EventDate "2009.07.17"]
[EventType "tourn (corr)"]
[EventRounds "6"]
[EventCountry "GER"]
[SourceTitle "Telechess CBM 135"]
[Source "ChessBase"]
[SourceDate "2010.03.17"]
[SourceVersion "1"]
[SourceVersionDate "2010.03.17"]
[SourceQuality "1"]

1. e4 e5 2. Nf3 Nc6 3. Bb5 Bd6 4. 0-0 Nf6 5. Re1 0-0 6. c3 a6 7. Bxc6 bxc6 8. d4 Re8 9. Nbd2 c5 10. Nc4 cxd4 11. cxd4 Bb4 12. Bd2 Bxd2 13. Qxd2 d6 14. dxe5 dxe5 15. Qxd8 Rxd8 16. Ncxe5 Bb7 17. Rac1 Rac8 18. Nc6 Bxc6 19. Rxc6 Nxe4 20. Rxe4 Rd1+ 21. Re1 Rxe1+ 22. Nxe1 f5 23. Rxa6 Re8 24. Kf1 Kf7 25. Rc6 Re7 26. Nd3 g5 27. a4 Re6 28. Rxc7+ Re7 29. Rxe7+ Kxe7 30. a5 Kd7 31. b4 Kc6 32. a6 Kb6 33. b5 Ka7 34. Ne5 Kb6 35. Nc4+ Kxb5 36. a7 1-0

[Event "LSS No Engine Cup Gr03 prel 01 email"]
[Site "LSS email"]
[Date "2009.07.16"]
[Round "?"]
[White "Bell, Arvin"]
[Black "Garmatz, Walter Eduardo Zenk"]
[Result "1-0"]
[WhiteElo "1367"]
[BlackElo "1498"]
[PlyCount "55"]
[EventDate "2009.07.17"]
[EventType "tourn (corr)"]
[EventRounds "6"]
[EventCountry "GER"]
[SourceTitle "Telechess CBM 135"]
[Source "ChessBase"]
[SourceDate "2010.03.17"]
[SourceVersion "1"]
[SourceVersionDate "2010.03.17"]
[SourceQuality "1"]

1. e4 e5 2. Nf3 Nc6 3. Bb5 a6 4. Bxc6 dxc6 5. 0-0 Bg4 6. h3 Bh5 7. g4 Bg6 8. Nxe5 Bc5 9. Nxg6 hxg6 10. Kg2 Qh4 11. Qf3 Nf6 12. d3 0-0-0 13. Qg3 Qh7 14. Bf4 Rd7 15. Nd2 Bb6 16. a4 a5 17. Nc4 Ne8 18. Rh1 f6 19. Nxb6+ cxb6 20. Be3 c5 21. b4 Rc7 22. bxc5 bxc5 23. Rhb1 g5 24. Rb5 Nd6 25. Rxa5 b6 26. Ra6 Kb7 27. a5 Nxe4 28. Ra7+ 1-0

[Event "CFriend SL-2005-0-00038 email"]
[Site "Chessfriend.com"]
[Date "2005.10.31"]
[Round "1"]
[White "Roman, Adrenalyn"]
[Black "Bell, Arvin"]
[Result "1/2-1/2"]
[WhiteElo "800"]
[BlackElo "1000"]
[PlyCount "67"]
[EventDate "2005.??.??"]
[EventType "tourn (corr)"]
[EventRounds "6"]
[SourceTitle "Corr 2008"]
[Source "ChessBase"]
[SourceDate "2008.06.24"]
[SourceVersion "1"]
[SourceVersionDate "2008.06.24"]
[SourceQuality "1"]

1. e4 e6 2. d4 d5 3. Nc3 Bb4 4. e5 c5 5. a3 Bxc3+ 6. bxc3 Ne7 7. Qg4 0-0 8. Bd3 Nbc6 9. Qh5 Ng6 10. Nf3 Qc7 11. Be3 c4 12. Bxg6 fxg6 13. Qg4 Bd7 14. h4 Rf5 15. h5 gxh5 16. Rxh5 Rxh5 17. Qxh5 Be8 18. Qh3 Nd8 19. Kd2 Bg6 20. Nh4 Qf7 21. Qg3 Bh5 22. Qg5 h6 23. Qg3 Kh7 24. Qh3 Nc6 25. g4 Bg6 26. Rh1 Be4 27. f3 Bg6 28. g5 h5 29. Nxg6 Qxg6 30. Qxh5+ Qxh5 31. Rxh5+ Kg6 32. Rh1 Ne7 33. Kc1 Nf5 34. Bd2 1/2-1/2

[Event "IECG TG.2005.0.15489"]
[Site "IECG email"]
[Date "2005.09.24"]
[Round "1"]
[White "Bell, Arvin"]
[Black "Malone, Dennis"]
[Result "1-0"]
[WhiteElo "1000"]
[BlackElo "869"]
[PlyCount "55"]
[EventDate "2005.10.01"]
[EventType "match (corr)"]
[EventRounds "2"]
[SourceTitle "Corr 2008"]
[Source "ChessBase"]
[SourceDate "2008.06.24"]
[SourceVersion "1"]
[SourceVersionDate "2008.06.24"]
[SourceQuality "1"]

1. e4 e5 2. Nf3 Nc6 3. d4 exd4 4. Nxd4 Nf6 5. Nxc6 bxc6 6. e5 Qe7 7. Qe2 Nd5 8. c4 Ba6 9. b3 Qe6 10. cxd5 Qxd5 11. Qd2 Bxf1 12. Qxd5 cxd5 13. Rxf1 Be7 14. Ba3 Bxa3 15. Nxa3 0-0 16. Kd2 Rfe8 17. Nb5 Rec8 18. f4 a6 19. Nd4 c5 20. Nf5 Re8 21. Rac1 d6 22. Nxd6 Re6 23. Rxc5 f6 24. Rxd5 fxe5 25. fxe5 Rg6 26. Ke3 Rd8 27. Nf5 Re8 28. Ne7+ 1-0